00448pab a2200157 454500008004000000100001900040245010800059260000900167300001300176362000800189650001900197650001500216650001100231650001400242773003400256180718b2003 xxu||||| |||| 00| 0 eng d aBraham Prakash aRole of family in detection, labelling, motivation, detoxification and rehabilitation of heroin addicts c2003 ap.76-92. aJan aRehabilitation aMotivation aFamily aAddiction aIndian Journal of Social Work